000 01092cab a2200385 4500
001 WB3112-10
008 090401t1995 xxu||||| |||| 00| 0 eng d
035 _a(Sirsi) u35651
041 _aeng
245 _aNew towns
260 _c1995
350 _a0
490 _aProperty Week
_v50(12) 23 March 1995, 6(1)
520 _aRetail rental growth in the 28 new towns is currently above the national average, but may not be sustained at this level when new town populations stop growing according to Colliers Erdman Lewis.
650 _aBRACKNELL
650 _aCOLLIERS ERDMAN LEWIS
650 _aCORBY
650 _aCRAWLEY
650 _aFORECASTS
650 _aMILTON KEYNES
650 _aNEW TOWNS
650 _aNORTHAMPTON
650 _aPETERBOROUGH
650 _aPETERLEE
650 _aPRIME RENTS
650 _aRENTAL GROWTH
650 _aRETAIL PROPERTY
650 _aRETAIL RENTS
650 _aSTEVENAGE
650 _aTELFORD
650 _aWASHINGTON
690 _aPROPERTY-COMMERCIAL PROPERTY-RETAIL PROPERTY
942 _n0
948 _c04/03/1997
999 _c23322
_d23322